Индийские волшебные повести: пер. с урду; Сад и весна; Роза Бакавали; Цветник Чина

Detalhes bibliográficos
Outros Autores: Дехтярь А. (автор предисловия)
Resumo:В сборник входят три повести: «Сад и весна» Мира Аммана, «Роза Бакавали» Нихалчанда Лахори и «Цветник Чина» Халила Алихана Ашка. Эти повести, созданные в начале XIX века, представляют литературную обработку известных на Востоке сюжетов и признаны лучшими образцами повествовательной прозы на языке урду. Подобно европейскому рыцарскому роману, индийские волшебные повести до сих пор пленяют читателя хитросплетениями замысловатого сюжета, невероятными приключениями и волшебными превращениями их героев – благородного царевича и прекрасной девушки, - которые, пройдя все испытания, вновь обретают друг друга. Повести «Сад и весна» и «Роза Бакавали» издавались ранее на русском языке. «Цветник Чина» публикуется впервые.
Idioma:russo
Publicado em: Москва, Художественная литература, 1981
TOC:Сад и весна;
Роза Бакавали;
Цветник Чина;
Assuntos:
Formato: Livro
KOHA link:https://koha.lib.tpu.ru/cgi-bin/koha/opac-detail.pl?biblionumber=359818

MARC

LEADER 00000nam0a2200000 4500
001 359818
005 20231102011225.0
035 |a (RuTPU)RU\TPU\retro\17123 
090 |a 359818 
100 |a 20210119d1981 m y0rusy50 ca 
101 1 |a rus  |c hin 
102 |a RU 
105 |a y z 000ay 
200 1 |a Индийские волшебные повести  |e пер. с урду  |f авт. предисл. А. Дехтярь 
210 |a Москва  |c Художественная литература  |d 1981 
215 |a 367 с. 
330 |a В сборник входят три повести: «Сад и весна» Мира Аммана, «Роза Бакавали» Нихалчанда Лахори и «Цветник Чина» Халила Алихана Ашка. Эти повести, созданные в начале XIX века, представляют литературную обработку известных на Востоке сюжетов и признаны лучшими образцами повествовательной прозы на языке урду. Подобно европейскому рыцарскому роману, индийские волшебные повести до сих пор пленяют читателя хитросплетениями замысловатого сюжета, невероятными приключениями и волшебными превращениями их героев – благородного царевича и прекрасной девушки, - которые, пройдя все испытания, вновь обретают друг друга. Повести «Сад и весна» и «Роза Бакавали» издавались ранее на русском языке. «Цветник Чина» публикуется впервые. 
464 |t Сад и весна 
464 |t Роза Бакавали 
464 |t Цветник Чина  |a Ашк, Халил Алихан 
606 1 |a Индийская литература  |2 stltpush  |3 (RuTPU)RU\TPU\subj\12500  |9 39276 
610 1 |a художественная литература 
610 1 |a повести 
610 1 |a 19 век 
610 1 |a приключения 
675 |a 891.1  |v 4 
702 1 |a Дехтярь  |b А.  |4 080 
801 1 |a RU  |b 63413507  |c 20210119 
801 2 |a RU  |b 63413507  |c 20220120  |g RCR 
942 |c BK